000 01270nam a2200397 i 4500
001 40401
003 KOSZ 005
005 20210809135956.0
008 011212s2001 enka f f |000 0 eng d
020 _a0582465664
040 _cKOSZ 005/HR
_aKOSZ 005/HR
_dKOSZ 005/HR
046 _k2001
080 _a37.016:811.111'37
080 _a(07)
100 1 _aWatcyn-Jones, Peter.
_eAutor
245 1 0 _aVocabulary games and activities.
_n1/
_cPeter Watcyn-Jones.
250 _aNew edition.
260 _aHarlow :
_bPearson Education,
_ccop. 2001.
300 _aXI, 162 s. :
_brys. ;
_c30 cm.
336 _2rdacontent
_aTekst
_btxt
337 _2rdamedia
_aBez urządzenia pośredniczącego
_bn
338 _2rdacarrier
_aWolumin
_bnc
380 _aKsiążki
380 _aPublikacje dydaktyczne
385 _aNauczyciele
388 _a1901-
490 1 _aPenguin English Photocopiables
650 4 _aJęzyk angielski
650 4 _aSłownictwo
650 4 _aNauczanie języków obcych
655 4 _aPodręcznik
658 _aJęzykoznawstwo
830 0 _aPenguin English Photocopiables
856 _uhttp://koha.tu.koszalin.pl/cgi-bin/koha/opac-detail.pl?biblionumber=40401
_yKatalog online BPK
942 _cKS
_2UKD
999 _c40401
_d40401